Introducción a la sociología /
Guardado en:
| Autor Principal: | |
|---|---|
| Otros Autores: | |
| Formato: | Libro |
| Idioma: | Spanish English |
| Publicado: |
Buenos Aires :
Librería "El Ateneo" Editorial,
c1973.
|
| Series: | Colección de Textos de enseñanza. Serie de enseñanza programada.
|
| Materias: | |
| Etiquetas: |
Agregar Etiqueta
Sin Etiquetas, Sea el primero en etiquetar este registro!
|
| LEADER | 01017nam a22002655 4500 | ||
|---|---|---|---|
| 001 | EAD.ead002156 | ||
| 008 | 080718s1973####ag############001#0#spa#d | ||
| 005 | 20100527164932.0 | ||
| 245 | 1 | 0 | |a Introducción a la sociología / |c Paul B. Horton y Robert L. Horton ; coordinador editorial Roger H. Hermanson. |
| 260 | |a Buenos Aires : |b Librería "El Ateneo" Editorial, |c c1973. | ||
| 300 | |a xi, 176 p. ; |c 26 cm. | ||
| 490 | 1 | |a Textos de enseñanza. Serie de enseñanza programada | |
| 500 | |a Traducción de: Programmed learning aid for introductory. | ||
| 500 | |a Incluye índice. | ||
| 100 | 1 | |a Horton, Paul B. | |
| 700 | 1 | |a Horton, Robert L. | |
| 830 | 0 | |a Colección de Textos de enseñanza. |p Serie de enseñanza programada. | |
| 082 | 0 | 4 | |a 301 |2 21 |
| 650 | 7 | |a Sociología. |2 unbist | |
| 650 | 7 | |a Cultura. |2 unbist | |
| 650 | 7 | |a Grupos. |2 isoc | |
| 650 | 7 | |a Estratificación social. |2 isoc | |
| 650 | 7 | |a Instituciones sociales. |2 unbist | |
| 041 | 1 | |a spa |h eng | |
| 859 | |a AR-BaBDC |b BIB. ADMINISTRACION - Libros |h 301 |i H789 |p b00587 | ||
